LEADER 03450oam 2200445 450 001 9910162721803321 005 20190911100033.0 010 $a0-7377-7013-9 035 $a(OCoLC)879495380 035 $a(MiFhGG)GVRL6NED 035 $a(EXLCZ)993780000000056694 100 $a20131107d2014 uy 0 101 0 $aeng 135 $aurun|---uuuua 181 $ctxt 182 $cc 183 $acr 200 10$aIndonesia /$fNoah Berlatsky, book editor 210 1$aFarmington Hills, Mich. :$cGreenhaven Press, a part of Gale, Cengage Learning,$d2014. 215 $a1 online resource (188 pages) $cillustrations (some color), color maps 225 1 $aGenocide and persecution 300 $aBibliographic Level Mode of Issuance: Monograph 311 $a0-7377-6898-3 320 $aIncludes bibliographical references and index. 327 $aOverview of the 1965 killings in Indonesia / Robert Cribb -- Lieutenant Colonel Untung declares the September 30 coup / Untung Syamsuri -- An anti-communist policy for Indonesia is presented to the Covert Oversight Committee / State Department -- US diplomats formulate anti-communist response to September 30 incident / Marshall Green -- A catalogue of anti-communist violence in East Java / Anonymous -- Sukarno is forced from power / Ottawa Citizen -- Suharto dies / Shawn Donnan and John Aglionby -- PKI survivors still face stigma in Indonesia / Alexandra di Stefano Pironti -- Indonesia still struggles to confront the events of 1965 / Endy Bayuni -- The Communist PKI were a violent threat in 1965 / Francis J. Galbraith -- The Communist PKI were not a violent threat in 1965 / Ruth McVey and Benedict R. Anderson -- The US supplied lists of communists which aided the 1965 Indonesian massacre / Kathy Kadane -- The US did not supply lists of communists to the indonesian government / Michael Wines -- The massacre of the PKI was exaggerated / Richard Cabot Howland -- The 1965 killings constituted genocide / Robert Cribb -- Suharto was a thoughtful and effective leader, despite flaws / Richard Wolcott -- Suharto was a corrupt tyrant who damaged Indonesia / John Gittings -- Indonesia still struggles with the historical memory of the 1965 genocide / Adrian Vickers and Katharine McGregor -- An Indonesian Catholic recalls his experiences as an anti-Communist before 1965 / Jusuf Wanandi -- A Western observer describes the violence of 1965 / John Hughes -- A Indonesian e?migre? describes the tensions around communism in 1965 and after / Pipit Rochijat -- Indonesians recount their role in the 1965 massacres / Anthony Deutsch -- An Indonesian writer describes his imprisonment following 1965 / Pramoedya Ananta Toer -- Glossary -- Organizations to contact -- Bibliography of primary documents -- For further research -- Index. 330 $aExamines the historical background and provides a look at the causes, events, and aftermath of the 1965 mass killings in Indonesia. 410 0$aGenocide and persecution. 606 $aPolitical atrocities$zIndonesia 607 $aIndonesia$xHistory$yCoup d'etat, 1965$vSources 607 $aIndonesia$xPolitics and government$y1950-1966$vSources 615 0$aPolitical atrocities 676 $a959.803/5 701 2$aCribb$b R. B$0720387 702 $aBerlatsky$b Noah 801 0$bMiFhGG 801 1$bMiFhGG 906 $aBOOK 912 $a9910162721803321 996 $aIndonesia$93871714 997 $aUNINA LEADER 01543nas 2200385 n 450 001 990008907000403321 005 20240229084308.0 011 $a0392-6141 035 $a000890700 035 $aFED01000890700 035 $a(Aleph)000890700FED01 035 $a000890700 091 $2CNR$aP 00071340 100 $a20161109b19711976km-y0itaa50------ba 101 0 $aita 102 $aIT 110 $aauu-------- 200 1 $aArcheoclub 207 1$a1971-1976 210 $aRoma$c[s.n.] 444 0$1001000890541$12001$aAntiqua 530 0 $aArcheoclub 675 $a930.26 675 $a902 712 02$aArcheoclub d'Italia 801 0$aIT$bACNP$c20090723 859 4 $uhttp://acnp.cib.unibo.it/cgi-ser/start/it/cnr/dc-p1.tcl?catno=45805&person=false&language=ITALIANO&libr=&libr_th=unina1$zBiblioteche che possiedono il periodico 901 $aSE 912 $a990008907000403321 958 $aBiblioteca Centralizzata. Facoltà di Architettura dell'Università Federico II$b1987-1988;1991-1995.$c1987;1988;1991;1992;1993;1994;1995.$eDeposito$fFARBC 959 $aFARBC 996 $aArcheoclub$9800435 997 $aUNINA AP1 8 $6866-01$aNA088 Biblioteca Centralizzata. Facoltà di Architettura dell'Università Federico II$bDeposito$eVia Monteoliveto,3. Palazzo Gravina, 80134 Napoli (NA)$m0812538081$m0812538023$nit AP2 40$aacnp.cib.unibo.it$nACNP Italian Union Catalogue of Serials$uhttp://acnp.cib.unibo.it/cgi-ser/start/it/cnr/df-p.tcl?catno=45805&language=ITALIANO&libr=&person=&B=1&libr_th=unina&proposto=NO